000
00286nam a22001217a 4500
008
180208b xxu||||| |||| 00| 0 eng d
041
_a
eng
080
_a
33
100
_a
52
101
_a
eco
245
_a
livers the laureates seven nobel economists
_c
william.b
942
_2
udc
_c
BK
999
_c
42140
_d
42140